[Event "IBM-B"]
[Site "Amsterdam"]
[Date "1974.??.??"]
[Round "1"]
[White "Ghizdavu, Dumitru"]
[Black "Vogel, Jaap"]
[Result "1/2-1/2"]
[WhiteElo "2420"]
[BlackElo "2350"]

1.e4 e6 2.d4 d5 3.Nd2 Nc6 4.Ngf3 Nf6 5.e5 Nd7 6.Nb3 Be7 7.Bb5 Ncb8 8.O-O b6
9.Qe2 a5 10.Be3 a4 11.Nbd2 a3 12.b3 Ba6 13.c4 c6 14.Bxa6 Nxa6 15.Rac1 Nb4
16.Nb1 O-O 17.Nc3 h6 18.Rfd1 Qb8 19.Ne1 f5 20.f4 Qb7 21.Nc2 Kh7 22.Rd2 Rfc8
23.Qd1 Nb8 24.Nxb4 Bxb4 25.Rdc2 Bxc3 26.Rxc3 Na6 27.cxd5 cxd5 28.Qd2 b5 29.Kf2 b4
30.R3c2 Kg8 31.Qd3 Kf7 32.Bd2 Ke7 33.h3 Rxc2 34.Qxc2 Kd7 35.Qd3 Rc8 36.Rxc8 Kxc8
37.g4 g6 38.h4 h5 39.gxh5 gxh5 40.Qe2 Qb6 41.Ke3 Nb8 42.Qxh5 Nc6 43.Qe8+ Kb7
44.Qd7+ Ka6 45.Ke2 Qb5+ 46.Ke3 Qb6 47.Kf3 Qb5 48.Ke3 Qb6 49.Qc8+ Kb5 50.Ke2 Nxd4+
51.Kd3 Nc6 52.Be3 d4 53.Bd2 Kc5 54.Qf8+ Kb5 55.Qd6 Qb7 56.Qxe6 Na5 57.Qe8+  1/2-1/2

[Event "IBM-B"]
[Site "Amsterdam"]
[Date "1974.??.??"]
[Round "2"]
[White "Bohm, Hans"]
[Black "Debarnot, Roberto"]
[Result "1/2-1/2"]
[WhiteElo "2285"]
[BlackElo "2420"]

1.e4 e6 2.d4 d5 3.Nd2 Nc6 4.Ngf3 Nf6 5.e5 Nd7 6.g3 Be7 7.Bh3 b6 8.O-O Bb7
9.c3 h5 10.Qe2 Nf8 11.b4 a5 12.b5 Na7 13.a4 c6 14.Ba3 cxb5 15.Bxe7 Qxe7 16.axb5 g5
17.Bg2 Ng6 18.Rab1 h4 19.Qe3 g4 20.Ne1 Rc8 21.c4 Qf8 22.Nd3 Rc7 23.c5 Nc8
24.c6 Ba8 25.f3 hxg3 26.hxg3 gxf3 27.Rxf3 Nce7 28.Rbf1 Rh7 29.Rf6 Qh8 30.Qg5 Bxc6
31.bxc6 Rxc6 32.Nf4 Nxf4 33.Qxf4 Ng6 34.Qg4 Ne7 35.Qe2 Qg8 36.Qd3 Rg7 37.R1f3 Qh8
38.Qf1 Qg8 39.Qd3 Qh8 40.Qf1 Qg8 41.Qf2 Ng6 42.Nf1 Ke7 43.Qd2 Nf8 44.Rc3 Rxc3
45.Qxc3 Nd7 46.Qa3+ Kd8 47.Rf3 Qf8 48.Qa4 Qb4 49.Qxb4 axb4 50.Bh3 Nb8 51.Nd2 Nc6
52.Nb3 Ke7 53.Kf2 Rg8 54.Bf1 Rc8 55.Ke1 Na5 56.Kd2 Nc4+ 57.Ke1 Ra8 58.Nc1 Na5
59.Kd1 Rg8 60.Bb5 Rh8 61.Be2 Rh2 62.Ke1 Rh1+ 63.Bf1 Rh8 64.Nb3 Rc8 65.Be2 Nc4
66.Nd2 Na5 67.Kd1 Rh8 68.Rf2 Rh3 69.Nf1 Rh8 70.Nd2 Rh3 71.Rf3 Rh2 72.Rd3 Rh1+
73.Nf1 Rh8 74.Ke1 Rc8 75.Nd2 Rh8 76.Bf3 Rh2 77.Kf1 Rh8 78.Kg1 Rc8 79.Bh5 Rc2
80.Kf1 Nc4 81.Nb3 Rb2 82.Kg1 Na5 83.Bd1 Rb1 84.Nxa5 bxa5 85.Kf2 Ra1 86.Ke2 a4
87.Kd2 b3 88.Kc3 Rc1+ 89.Kb2 Rc4 90.Rd2 Rc8 91.Be2 Rh8 92.Bb5 Rg8 93.Rd3 Ra8
94.Rd2 Rg8 95.Bxa4 Rxg3 96.Bxb3 f6 97.exf6+ Kxf6 98.Rf2+ Ke7 99.Kc2 Re3 100.Rh2 e5
101.dxe5 Rxe5 102.Kd3 Kd6 103.Bc2 Rg5 104.Rh8 Rg3+ 105.Kd4 Rg4+ 106.Kc3 Rc4+
107.Kb3 Rg4 108.Rd8+ Kc5 109.Rc8+ Kd6 110.Bh7 Rc4 111.Rd8+ Kc5 112.Bg8 Rb4+
113.Ka3 Rd4 114.Kb3 Rb4+ 115.Kc3 Rc4+ 116.Kd3 Rd4+ 117.Ke3 Re4+ 118.Kf3 Re5
119.Kf4 Rh5 120.Bf7 Rh4+ 121.Ke5 Re4+ 122.Kf5 Rd4 123.Be6 Rd1 124.Ke5 Re1+
125.Kf6 Rd1 126.Ke7 Rd2 127.Rc8+ Kd4 128.Bxd5 Rh2 129.Kd6 Rh6+ 130.Be6 Rg6
131.Rc4+ Kd3 132.Rh4 Kc3 133.Re4 Kd3 134.Rh4 Kc3 135.Ke5 Rg5+ 136.Bf5 Kb3
137.Rf4 Kc3 138.Kd5 Rg7 139.Rc4+ Kd2 140.Kd4 Ke2 141.Ke4 Re7+ 142.Kf4 Rf7
143.Rc2+ Kd1 144.Ra2 Kc1 145.Ke4 Rf8 146.Rf2 Rd8 147.Ke3 Re8+ 148.Be4 Rc8
149.Bd3 Re8+ 150.Be4 Rc8 151.Rf1+ Kb2 152.Rb1+ Ka3 153.Bd3 Re8+ 154.Be4 Rc8
155.Rf1 Kb2 156.Rb1+ Ka3 157.Kd4 Ka4 158.Bf5 Rh8 159.Be6 Rh6 160.Kc4 Rh4+
161.Kc5 Rh5+ 162.Bd5 Ka3 163.Rb3+ Ka4 164.Rg3 Re5 165.Rg2 Re3 166.Kc4 Ka5
167.Rg6 Re1 168.Kc5 Rb1 169.Bc4 Rb5+ 170.Kd4  1/2-1/2

[Event "IBM-B"]
[Site "Amsterdam"]
[Date "1974.??.??"]
[Round "6"]
[White "Ghizdavu, Dumitru"]
[Black "Debarnot, Roberto"]
[Result "1-0"]
[WhiteElo "2420"]
[BlackElo "2420"]

1.e4 e6 2.d4 d5 3.Nd2 Nc6 4.Ngf3 Nf6 5.e5 Nd7 6.Nb3 Be7 7.Bb5 Ncb8 8.O-O a5
9.Be3 a4 10.Nbd2 c6 11.Bd3 b5 12.Ne1 h5 13.g3 Nb6 14.b3 b4 15.Ng2 Ba6 16.Nf4 Bxd3
17.cxd3 g6 18.Rc1 Kd7 19.h4 axb3 20.axb3 Ra2 21.Nf3 Na6 22.Ne2 Nc8 23.Ng5 Rf8
24.Rc2 Ra3 25.Rc1 Na7 26.Nh7 Rh8 27.Ng5 Bxg5 28.Bxg5 Qc7 29.Rb1 Kc8 30.Kg2 Kb7
31.Bf6 Rc8 32.Qd2 Nb5 33.Rfe1 Qa5 34.Be7 Ra2 35.Rb2 Rxb2 36.Qxb2 Re8 37.Bg5 Qb6
38.Be3 Ra8 39.Qd2 Na7 40.Ra1 Nc8 41.Bg5 Nb8 42.Rxa8 Kxa8 43.Qf4 Qc7 44.Qf6 Na6
45.Be3 Qe7 46.Qh8 Kb7 47.Bg5 Qd7 48.Qf8 Kb8 49.Ng1 c5 50.dxc5 d4 51.Nf3 Qc7
52.Nxd4 Qxc5 53.Qxc5 Nxc5 54.Nc6+ Kc7 55.Nxb4 Nxb3 56.Kf3 Nd4+ 57.Ke4 Nc6
58.Nxc6 Kxc6 59.Bf6 Kd7 60.Kf4 Ke8 61.f3 Nb6 62.Bg7 Nd5+ 63.Kg5 Nb4 64.g4 f5
65.exf6 Kf7 66.gxh5 gxh5 67.d4 Nc6 68.Kxh5 Nxd4 69.Kg4 Nf5 70.h5 Nd6 71.Kg5 Kg8
72.Kg6 Nf7 73.f4 Ne5+ 74.Kg5 Nf7+ 75.Kg4 Nd6 76.Bh6 Ne4 77.Bg5 Kf7 78.Kf3 Nd6
79.Ke3 Kg8 80.Kd4 Nf7 81.Kc5 Kf8 82.Kc6 Ke8 83.Kc5 Kf8 84.Kc4 Kg8 85.Kd4 Kf8
86.Kc5 Kg8 87.Kc6 Kf8 88.Kd7 e5 89.fxe5 Nxe5+ 90.Ke6 Nf7 91.Bf4 Nd8+ 92.Kd7 Nf7
93.Bd6+ Kg8 94.Ke7 Nh6 95.Bf4 Nf7 96.h6  1-0

[Event "DSV-Turnier"]
[Site "Halle"]
[Date "1974.??.??"]
[Round "?"]
[White "Filipowicz, Andrzej"]
[Black "Fichtl, Jiri"]
[Result "0-1"]
[WhiteElo "2430"]
[BlackElo "2380"]

1.e4 e6 2.d4 d5 3.Nd2 Nc6 4.Ngf3 Nf6 5.e5 Nd7 6.Bb5 a6 7.Bxc6 bxc6 8.O-O c5
9.c4 c6 10.dxc5 Nxc5 11.Qc2 Be7 12.b4 Nd7 13.Rb1 O-O 14.Re1 a5 15.Nd4 Qb6
16.N2f3 axb4 17.cxd5 cxd5 18.a3 Bb7 19.axb4 Rfc8 20.Qd3 Rc4 21.Be3 Qc7 22.Bd2 h6
23.h3 Ra2 24.Re2 Qb6 25.Qb3 Ra8 26.Qe3 Bc5 27.bxc5 Qxb1+ 28.Re1 Qb2 29.c6 Bxc6
30.Qf4 Raa4 31.Be3 Nf8 32.Rd1 Rab4 33.Kh2 Ba4 34.Rd2 Qb1 35.Qh4 Rc1 36.g4 Rh1+
37.Kg3 Qe4  0-1

[Event "DSV-Turnier"]
[Site "Halle"]
[Date "1974.??.??"]
[Round "?"]
[White "Tal, Mihail"]
[Black "Fichtl, Jiri"]
[Result "1-0"]
[WhiteElo "2635"]
[BlackElo "2380"]

1.e4 e6 2.d4 d5 3.Nd2 Nc6 4.Ngf3 Nf6 5.e5 Nd7 6.Nb3 Be7 7.Bb5 Ncb8 8.h4 h6
9.Rh3 b6 10.Qe2 a5 11.Rg3 Bf8 12.c4 c6 13.cxd5 cxd5 14.a4 Ba6 15.Bd2 g6 16.h5 gxh5
17.Nh2 h4 18.Rh3 Bxb5 19.axb5 Ra7 20.Qh5 Be7 21.Ng4 Nf8 22.Rf3 Bg5 23.Bb4 Rh7
24.Bd6 Nbd7 25.Nc1 Ng6 26.Ne2 Ra8 27.Rc3 Nf4 28.Nxf4 Bxf4 29.Rc7 Bg5 30.f4 Bxf4
31.Rxd7 Kxd7 32.Nf6+ Qxf6 33.exf6 Bxd6 34.Rc1 Rg8 35.Rc6 Bg3+ 36.Kd1 Rg5
37.Qe2 Rh8 38.Rxb6 h3 39.Rb7+ Kc8 40.Rxf7 Kb8 41.Qxe6  1-0

[Event "NLD-ch Leeuwarden"]
[Site "Leeuwarden"]
[Date "1974.??.??"]
[Round "3"]
[White "Ligterink, Gert"]
[Black "Vogel, Jaap"]
[Result "1/2-1/2"]
[WhiteElo "2360"]
[BlackElo "2350"]

1.e4 e6 2.d4 d5 3.Nd2 Nc6 4.Ngf3 Nf6 5.e5 Nd7 6.c3 Be7 7.Bd3 b6 8.Ng1 a5
9.Ne2 Ba6 10.Bxa6 Rxa6 11.O-O b5 12.a4 Qb8 13.f4 g6 14.b3 bxa4 15.bxa4 Rb6
16.g4 Qa8 17.Ng3 Nd8 18.Nf3 Qa6 19.Ba3 Bxa3 20.Rxa3 c5 21.f5 cxd4 22.cxd4 Qc4
23.Qd2 Qb4 24.Qd3 Rc6 25.Ng5 Qc4 26.fxe6 fxe6 27.Qe3 Qb4 28.Rd3 Rc2 29.Rb3 Qxa4
30.Nxh7 Qa2 31.Qh6 Rg8 32.Rbf3 Qc4  1/2-1/2

[Event "NLD-ch Leeuwarden"]
[Site "Leeuwarden"]
[Date "1974.??.??"]
[Round "5"]
[White "Enklaar, Bertus F"]
[Black "Vogel, Jaap"]
[Result "0-1"]
[WhiteElo "2425"]
[BlackElo "2350"]

1.e4 e6 2.d4 d5 3.Nd2 Nc6 4.Ngf3 Nf6 5.e5 Nd7 6.c3 f6 7.Bd3 fxe5 8.Nxe5 Ncxe5
9.dxe5 Nxe5 10.Qh5+ Nf7 11.Bxh7 Be7 12.Nf3 Qd6 13.h4 Bd7 14.Bg5 Bf6 15.Qg6 Qf8
16.O-O-O O-O-O 17.Rhe1 Nd6 18.Bxf6 gxf6 19.Qc2 Qh6+  0-1

[Event "FRG-ch"]
[Site "Menden"]
[Date "1974.??.??"]
[Round "?"]
[White "Lieb, Harald"]
[Black "Schmidt, Bodo"]
[Result "1-0"]
[WhiteElo "2200"]
[BlackElo "2200"]

1.e4 e6 2.d4 d5 3.Nd2 Nc6 4.Ngf3 Nf6 5.e5 Nd7 6.Nb3 Be7 7.Bb5 Ncb8 8.O-O b6
9.Bf4 c5 10.c4 a6 11.Bxd7+ Qxd7 12.cxd5 Qxd5 13.dxc5 Qxd1 14.Rfxd1 bxc5 15.Rac1 Nd7
16.Na5 Rb8 17.b3 Bb7 18.Nxb7 Rxb7 19.Nd2 O-O 20.Nc4 Rd8 21.Be3 Rc7 22.f4 f6
23.Bd2 Nb8 24.Ba5 Rxd1+ 25.Rxd1 Rd7 26.Rxd7 Nxd7 27.Kf2 fxe5 28.fxe5 Kf7
29.Kf3 Kg6 30.Ke4 h5 31.Bc7 Bh4 32.Nb2 Be7 33.Nd3 Kf7 34.Nf4 g6 35.g3 Nf8
36.h4 Ke8 37.Bd6 Kd7 38.Bxe7 Kxe7 39.Nd3 Nd7 40.Kf4 Kf7 41.Kg5 Kg7 42.Nf4 Nf8
43.Nd3 Nd7 44.Kf4 Kf7 45.a4 a5 46.Nb2 Nb6 47.Kg5 Nd5 48.Nc4 Nc3 49.Nxa5 Ne4+
50.Kf4 Nd2 51.Ke3 Nf1+ 52.Kf4 Nd2 53.g4 hxg4 54.Kxg4 Kg7 55.Kf4 Kh6 56.Ke3 Nf1+
57.Ke2 Ng3+ 58.Kf3 Nf5 59.Nc6 Nxh4+ 60.Kf2 Kg5 61.a5 Kf4 62.a6 g5 63.a7 g4
64.a8=Q g3+ 65.Ke2 Kg4 66.Qg8+ Kh3 67.Qxe6+  1-0

[Event "Nice olm prel"]
[Site "Nice"]
[Date "1974.??.??"]
[Round "1"]
[White "Najjar, Ahmad"]
[Black "Skalkotas, Nikolaos"]
[Result "0-1"]
[WhiteElo "2200"]
[BlackElo "2250"]

1.e4 e6 2.d4 d5 3.Nd2 Nc6 4.Ngf3 Nf6 5.exd5 exd5 6.c3 Bf5 7.Bb5 Bd6 8.Qe2+ Qe7
9.Qxe7+ Kxe7 10.O-O Nd8 11.Re1+ Ne6 12.Ne5 c6 13.Bd3 Bxd3 14.Nxd3 Rhe8 15.Nf1 Kf8
16.Ng3 h5 17.f3 g6 18.Bh6+ Kg8 19.h4 Bxg3  0-1

[Event "Nice olm fin-B"]
[Site "Nice"]
[Date "1974.??.??"]
[Round "5"]
[White "Roehrl, Karl"]
[Black "Seret, Jean Luc"]
[Result "1-0"]
[WhiteElo "2365"]
[BlackElo "2400"]

1.e4 e6 2.d4 d5 3.Nd2 Nc6 4.Ngf3 g6 5.c3 Bg7 6.Bb5 Nh6 7.O-O O-O 8.Re1 f6
9.Nb3 Nb8 10.Bd3 Nf7 11.Nc5 Qd6 12.exd5 exd5 13.Bc2 Nd8 14.Nh4 Ne6 15.Nxe6 Bxe6
16.Qf3 Qd7 17.h3 Nc6 18.b3 Rfe8 19.Qg3 Bf7 20.Bf4 g5 21.Nf5 Bg6 22.Qg4 Rxe1+
23.Rxe1 Re8 24.Rxe8+ Qxe8 25.Be3 Ne7 26.Nxe7+ Qxe7 27.Bxg6 hxg6 28.h4 gxh4
29.Qxg6 Qe4 30.Qxe4 dxe4 31.d5 Kf7 32.Bxa7 f5 33.c4 b6 34.d6 Be5 35.dxc7 Bxc7
36.c5 b5 37.Bb6 Be5 38.a4 bxa4 39.bxa4 Ke6 40.a5  1-0

[Event "Nice olm fin-A"]
[Site "Nice"]
[Date "1974.??.??"]
[Round "12"]
[White "Plachetka, Jan"]
[Black "Debarnot, Roberto"]
[Result "1-0"]
[WhiteElo "2405"]
[BlackElo "2420"]

1.e4 e6 2.d4 d5 3.Nd2 Nc6 4.Ngf3 Nf6 5.e5 Nd7 6.c3 f6 7.Bb5 Be7 8.Qe2 fxe5
9.dxe5 O-O 10.Nb3 Ncb8 11.Bd3 c5 12.Bb1 Nc6 13.h4 Rxf3 14.gxf3 Ncxe5 15.f4 Nf7
16.Be3 b6 17.Nd2 Rb8 18.Nf3 b5 19.Ng5 Nf6 20.Rg1 Nh6 21.f5 exf5 22.Ne6 Bxe6
23.Bxh6 Qd7 24.Rxg7+ Kh8 25.Bxf5 Bxf5 26.Rxe7 Qd6 27.Qe5 Qxe5+ 28.Rxe5 Be4
29.Re7 Rg8 30.Bg5 Ng4 31.O-O-O Rf8 32.f4 a5 33.Rg1 h5 34.Rc7 c4 35.Ra7 b4
36.Kd2 b3 37.a4 Nh2 38.Ke3 Ng4+ 39.Kd4 Nh2 40.Kc5 Nf3 41.Rg3 Ne1 42.Bh6 Nd3+
43.Kd4  1-0

[Event "Oslo CI"]
[Site "Oslo"]
[Date "1974.??.??"]
[Round "7"]
[White "Westerinen, Heikki MJ"]
[Black "Johannessen, Svein"]
[Result "1-0"]
[WhiteElo "2435"]
[BlackElo "2425"]

1.e4 e6 2.d4 d5 3.Nd2 Nc6 4.Ngf3 Nf6 5.e5 Nd7 6.Nb3 b6 7.c4 Bb4+ 8.Bd2 dxc4
9.Bxc4 Bb7 10.Rc1 O-O 11.O-O Bxd2 12.Nbxd2 Ndb8 13.Nb1 Ne7 14.Bd3 h6 15.Qe2 Qd7
16.Rfd1 a6 17.Nc3 Nbc6 18.Qe4 Rfd8 19.Qh7+ Kf8 20.Be4 Ng8 21.Ne2 f5 22.exf6 Nxf6
23.Qh8+  1-0

[Event "Stary Smokovec"]
[Site "Stary Smokovec"]
[Date "1974.??.??"]
[Round "9"]
[White "Stoica, Valentin"]
[Black "Hug, Werner"]
[Result "1/2-1/2"]
[WhiteElo "2300"]
[BlackElo "2425"]

1.e4 e6 2.d4 d5 3.Nd2 Nc6 4.Ngf3 Nf6 5.e5 Nd7 6.Nb3 a6 7.c3 f6 8.Bf4 fxe5
9.dxe5 Be7 10.Bd3 O-O 11.Bg3 Qe8 12.Qe2 Qh5 13.O-O Nc5 14.Bc2 Nxb3 15.axb3 Bd7  1/2-1/2

[Event "SWE-ch"]
[Site "?"]
[Date "1974.??.??"]
[Round "7"]
[White "Kaiszauri, Konstanty"]
[Black "Ek, Hans"]
[Result "1/2-1/2"]
[WhiteElo "2350"]
[BlackElo "2355"]

1.e4 e6 2.d4 d5 3.Nd2 Be7 4.Ngf3 dxe4 5.Nxe4 Nf6 6.Bd3 Nbd7 7.Nxf6+ Bxf6
8.c3 e5 9.dxe5 Nxe5 10.Nxe5 Bxe5 11.O-O Be6 12.Re1 Qd6 13.Bb5+ c6 14.Qxd6 Bxd6
15.Bc4 Kd7 16.Bxe6+ fxe6 17.Be3 Rhe8 18.Rad1 Kc7 19.Rd4 e5 20.Re4 Rf8 21.c4 b6
22.f3 Rad8 23.Kf2 Rd7 24.h4 Rf5 25.Ke2 Rf6 26.Rc1 Rg6 27.Kf2 h5 28.Rd1 Re6
29.a3 a5 30.Rb1 Be7 31.Ke2 Rg6 32.Rg1 Bd6 33.Kf2 Rf6 34.Rc1 Rg6 35.Rc2 Rd8
36.c5 bxc5 37.Rec4 Kb7 38.Bxc5 Bc7 39.Re4 Rd1 40.Be3 Rh1 41.Rc1 Rxc1 42.Bxc1 Rd6
43.Ke2 Rd5 44.Bd2 Kc8 45.Rc4 Kd7 46.Be3 Rb5 47.Rc2 Bd8 48.g3 Bf6 49.Bc1 Rb3
50.Rd2+ Ke6 51.Rd3 Rxd3 52.Kxd3 Kd5 53.a4 Bd8 54.Be3 Be7 55.Bd2 Bd8 56.Be3 Be7
57.Bd2 Bd8 58.b4 axb4 59.Bxb4 c5 60.Bd2 c4+ 61.Ke2 Bb6 62.a5 Bd4 63.Be3 Bc3
64.a6 Kc6 65.Bf2 Bb4 66.Kd1 g6 67.Kc2 Kc7 68.Kb2 Kc6 69.Kc2 Kc7 70.Kd1 Kc6
71.Ke2 Kc7 72.Be3 Bc3 73.g4 Kc6 74.Bc5 e4 75.fxe4 hxg4 76.Bd6 Bf6 77.Bg3 Kb6
78.Ke3  1/2-1/2

[Event "ARG-ch"]
[Site "Buenos Aires"]
[Date "1975.??.??"]
[Round "2"]
[White "Rodriguez, I."]
[Black "Brond, Victor"]
[Result "0-1"]
[WhiteElo "2200"]
[BlackElo "2310"]

1.e4 e6 2.d4 d5 3.Nd2 Nc6 4.Ngf3 Nf6 5.e5 Nd7 6.c3 f6 7.Bb5 a6 8.Ba4 b5 9.Bc2 fxe5
10.dxe5 Ndxe5 11.O-O Bd6 12.Nxe5 Nxe5 13.f4 Nf7 14.Nf3 O-O 15.Be3 g6 16.g3 c5
17.Qe2 Bd7 18.Qg2 Qf6 19.Rad1 a5 20.h4 b4 21.Ne5 Nxe5 22.fxe5 Qxe5 23.Bf4 Rxf4
24.gxf4 Qe3+ 25.Kh1 Bb5 26.Rfe1 Qxf4 27.Rxe6 Qxh4+ 28.Kg1 Bh2+ 29.Qxh2 Qg4+
30.Qg2 Qxe6 31.Qxd5 Qxd5 32.Rxd5 Rc8 33.Re5 Rc7 34.Be4 Bc4 35.b3 Bf7 36.c4 Kg7
37.Bf3 Kf6 38.Re2 a4 39.Rd2 a3 40.Kf2 Be6 41.Bd5 Rd7 42.Ke3 Bxd5 43.cxd5 Ke5  0-1

[Event "Club Argentino"]
[Site "Buenos Aires"]
[Date "1975.??.??"]
[Round "9"]
[White "Grinberg, Ricardo"]
[Black "Letelier, Rene"]
[Result "1-0"]
[WhiteElo "2460"]
[BlackElo "2350"]

1.e4 e6 2.d4 d5 3.Nd2 Nc6 4.Ngf3 Nf6 5.e5 Nd7 6.Nb3 f6 7.Bb5 Be7 8.exf6 Bxf6
9.O-O O-O 10.Bxc6 bxc6 11.Na5 c5 12.Re1 Qe8 13.c4 Qh5 14.Bf4 cxd4 15.Bxc7 dxc4
16.Nxd4 Qxd1 17.Raxd1 Nb6 18.Bd6 Re8 19.Nb5 Bd7 20.Nc7 Bxb2 21.Nxa8 Rxa8
22.Be5 c3 23.Rd3 Rc8 24.h4 Ba4 25.Nb3 Bxb3 26.axb3 Rc5 27.Rd8+ Kf7 28.Bd6 Rc8
29.Rxc8 Nxc8 30.Be5 Ne7 31.Re3 Nd5 32.Re4 g6 33.Rc4 Ke7 34.Kf1 Kd7 35.Ke2 a5
36.Rc5 Ba3 37.Rc4 Bb4 38.Kd3 Bd6 39.Bxc3 Nf4+ 40.Kd2 Nxg2 41.Bxa5 Be7 42.b4 Nxh4
43.b5 Nf3+ 44.Ke3 Ne5 45.Rc2 Bd6 46.f4 Ng4+ 47.Kf3 Nf6 48.b6  1-0

[Event "ARG-ch"]
[Site "Buenos Aires"]
[Date "1975.??.??"]
[Round "9"]
[White "Rubinetti, Jorge A"]
[Black "Brond, Victor"]
[Result "1-0"]
[WhiteElo "2440"]
[BlackElo "2310"]

1.e4 e6 2.d4 d5 3.Nd2 Nc6 4.Ngf3 Nf6 5.e5 Nd7 6.g3 Be7 7.h4 b6 8.Bb5 Bb7
9.c3 a5 10.h5 Na7 11.Bd3 c5 12.h6 g6 13.Nf1 b5 14.N1h2 b4 15.O-O Bc6 16.Re1 Bb5
17.Bc2 Nc6 18.Be3 a4 19.a3 cxd4 20.cxd4 Nb6 21.Ng4 Nc4 22.Bc1 b3 23.Bd3 Qb6
24.Bxc4 Bxc4 25.Bf4 g5 26.Be3 Rg8 27.Rc1 Qa6 28.Qd2 Qa5 29.Rc3 Na7 30.Bxg5 Nb5
31.Bxe7 Rxg4 32.Bb4 Qd8 33.Rcc1 Kd7 34.Kg2 Qg8 35.Bc5 Qg6 36.Re3 Re4 37.Rh1 Rxe3
38.Qxe3 Rc8 39.Rd1 Qc2 40.Rd2 Qb1 41.Qf4 Bf1+ 42.Kh2 Qf5 43.Qxf5 exf5 44.Ng5 Rc6
45.Kg1 Bc4 46.e6+ fxe6 47.Nxh7 e5 48.Nf8+ Ke8 49.h7 Rh6 50.dxe5 d4 51.f3 d3
52.Rh2 Rxh2 53.Kxh2 d2 54.h8=Q d1=Q 55.Ne6+  1-0

[Event "URS-ch otbor"]
[Site "Cheliabinsk"]
[Date "1975.??.??"]
[Round "?"]
[White "Tseitlin, Mikhail S"]
[Black "Kosikov, Alexey I"]
[Result "1-0"]
[WhiteElo "2200"]
[BlackElo "2200"]

1.e4 e6 2.d4 d5 3.Nd2 Nc6 4.Ngf3 Nf6 5.e5 Nd7 6.Nb3 Be7 7.Bb5 a5 8.Bf4 a4
9.Nc1 Ra5 10.Be2 b6 11.c3 Ncb8 12.O-O c5 13.Re1 Nc6 14.Bd2 a3 15.b3 Ra7 16.Nd3 Ba6
17.Rc1 O-O 18.Be3 c4 19.bxc4 Bxc4 20.Qc2 Na5 21.Qb1 Re8 22.Bd1 Nf8 23.g3 Qd7
24.Nd2 Bb5 25.h4 h6 26.Nf4 Nc4 27.Nxc4 Bxc4 28.Bb3 Rc8 29.Bd2 Qb7 30.Bc2 Ra5
31.Nd3 Qa6 32.f4 Qb5 33.Nb4 Ra7 34.Kg2 h5 35.f5 Bxb4 36.cxb4 exf5 37.Bxf5 Rc6
38.Re3 g6 39.e6 Re7 40.exf7+ Rxf7 41.Bd3 Rcf6 42.Be1 Qd7 43.Rc3 Ne6 44.Rxa3 Nxd4
45.Ra8+ Rf8 46.Rxf8+ Kxf8 47.Bc3 Nf5 48.Bxf5 Rxf5 49.Bd4 Qf7 50.Ra3 Qe8 51.Re3 Qb5
52.Qe1 Qa4 53.Qd2 Bf1+ 54.Kg1 Bh3 55.Re1 g5 56.Qe2 Qd7 57.Qxh5  1-0

[Event "FRG-ch International"]
[Site "Mannheim"]
[Date "1975.??.??"]
[Round "2"]
[White "Reichenbach, Werner"]
[Black "Westerinen, Heikki MJ"]
[Result "0-1"]
[WhiteElo "2200"]
[BlackElo "2475"]

1.e4 e6 2.d4 d5 3.Nd2 Be7 4.Ngf3 Nf6 5.e5 Nfd7 6.Bd3 c5 7.c3 Nc6 8.O-O Qb6
9.dxc5 Qc7 10.b4 Ncxe5 11.Nxe5 Nxe5 12.Be2 b6 13.cxb6 Qxc3 14.Rb1 axb6 15.Bb2 Qc7
16.Rc1 Qd6 17.Bb5+ Kf8 18.a3 h5 19.h3 Rh6 20.Re1 Ng6 21.Rc6 Qd8 22.Bd4 Bd7
23.Rxb6 Bxb5 24.Rxb5 Rxa3 25.Qc1 Ra8 26.Nf3 Nh4 27.Nxh4 Bxh4 28.Rb7 Bf6 29.Qc5+ Kg8
30.b5 Rg6 31.b6 Bxd4 32.Qxd4 Qg5 33.g3 Ra3 34.Re3 Rxe3 35.Qxe3 Qxe3 36.fxe3 Rxg3+
37.Kf2 Rxh3 38.Rc7 Rh2+ 39.Kg3 Rb2 40.b7 Kh7 41.Rxf7 Kg6 42.Rd7  0-1

[Event "FRG-ch International"]
[Site "Mannheim"]
[Date "1975.??.??"]
[Round "10"]
[White "Ostermeyer, Peter"]
[Black "Mednis, Edmar John"]
[Result "1/2-1/2"]
[WhiteElo "2200"]
[BlackElo "2455"]

1.e4 e6 2.d4 d5 3.Nd2 Nc6 4.Ngf3 Nf6 5.e5 Nd7 6.Be2 f6 7.exf6 Qxf6 8.Nf1 Bd6
9.Ne3 O-O 10.O-O Ne7 11.Bd3 Ng6 12.Ng4 Qe7 13.Bxg6 hxg6 14.Re1 Qe8 15.Ng5 Nf6
16.Ne5 Bxe5 17.Rxe5 Nh7 18.Nh3 Rf5 19.Bf4 Qf7 20.Qd2 b6 21.Rae1 c5 22.Bg3 Bd7
23.dxc5 bxc5 24.Qa5 c4 25.Qc7 Rxe5 26.Bxe5 Ba4 27.b3  1/2-1/2

[Event "NOR-ch"]
[Site "?"]
[Date "1975.??.??"]
[Round "7"]
[White "Hoen, Ragnar"]
[Black "Johannessen, Svein"]
[Result "1/2-1/2"]
[WhiteElo "2350"]
[BlackElo "2410"]

1.e4 e6 2.d4 d5 3.Nd2 Nc6 4.Ngf3 Nf6 5.e5 Nd7 6.Nb3 f6 7.Bb5 fxe5 8.dxe5 Be7
9.c4 dxc4 10.Nbd2 Nb6 11.Qe2 O-O 12.O-O Qd5 13.Bxc6 Qxc6 14.a4 a5 15.Ne4 Bd7
16.Nc3 Bb4 17.Rd1 Bxc3 18.bxc3 Nd5 19.Nd4 Qa6 20.Qc2 c5 21.Nf3 Be8 22.Nh4 Qb6
23.Bd2 Bh5 24.Re1 Qd8 25.Qe4 b6 26.Qxc4 g5 27.Nf3 Bxf3 28.gxf3 Kh8 29.Qe4 c4
30.Qxc4 Rc8 31.Qe4 Nf4 32.Bxf4 Rxf4 33.Qe3 Qd5 34.Rad1 Qxf3 35.Qxf3 Rxf3
36.Rd6 Rfxc3 37.Rxb6 R3c6 38.Rb7 R6c7 39.Rb6 Rc6 40.Rb7 R8c7 41.Rb8+ Rc8
42.Rb7 R8c7 43.Rb5  1/2-1/2

[Event "Hoogovens-B"]
[Site "Wijk aan Zee"]
[Date "1975.??.??"]
[Round "4"]
[White "Weinstein, Norman"]
[Black "Ek, Hans"]
[Result "1-0"]
[WhiteElo "2465"]
[BlackElo "2345"]

1.e4 e6 2.d4 d5 3.Nd2 Be7 4.Ngf3 Nf6 5.e5 Nfd7 6.Bd3 c5 7.c3 Nc6 8.O-O cxd4
9.cxd4 Nb6 10.a3 a5 11.b3 Bd7 12.Bb2 O-O 13.Qe2 a4 14.b4 Na7 15.h4 Qe8 16.Ng5 g6
17.f4 Bb5 18.h5 Bxd3 19.Qxd3 h6 20.Nh3 Qb5 21.Qe3 Kh7 22.Bc1 Rh8 23.g4 Nc6
24.hxg6+ fxg6 25.f5 gxf5 26.Ne4 Kg7 27.gxf5 dxe4 28.Qg3+ Kf8 29.Qg6 Nxe5
30.Bxh6+ Rxh6 31.fxe6+ Bf6 32.Qxh6+ Ke8 33.Qxf6 Qd3 34.Qf8+  1-0

[Event "Hoogovens-B"]
[Site "Wijk aan Zee"]
[Date "1975.??.??"]
[Round "11"]
[White "Dieks, Roy G"]
[Black "Ek, Hans"]
[Result "1-0"]
[WhiteElo "2305"]
[BlackElo "2345"]

1.e4 e6 2.d4 d5 3.Nd2 a6 4.Bd3 c5 5.Ngf3 Nc6 6.dxc5 Bxc5 7.O-O Nf6 8.Qe2 Nb4
9.e5 Ng8 10.Nb3 Nxd3 11.Qxd3 Bb6 12.Nfd4 Ne7 13.Qg3 Ng6 14.f4 O-O 15.Be3 f6
16.exf6 Qxf6 17.c3 Bc7 18.Ne2 Bd7 19.Bd4 Qf5 20.a4 Rf7 21.Nc5 Bc6 22.Nd3 Qh5
23.Qe3 Re8 24.Rf3 Qf5 25.b3 Qe4 26.Qf2 Nh4 27.Re3 Qxg2+ 28.Qxg2 Nxg2 29.Kxg2 g5
30.Rg3 h6 31.h4  1-0

[Event "WchT U26 fin-A"]
[Site "Caracas"]
[Date "1976.??.??"]
[Round "1"]
[White "Sznapik, Aleksander"]
[Black "Hug, Werner"]
[Result "1/2-1/2"]
[WhiteElo "2390"]
[BlackElo "2430"]

1.e4 e6 2.d4 d5 3.Nd2 Nc6 4.Ngf3 Nf6 5.e5 Nd7 6.Bd3 Nb4 7.Be2 c5 8.c3 Nc6
9.O-O cxd4 10.cxd4 f5 11.exf6 Qxf6 12.Nb3 h6 13.Ne5 Ndxe5 14.dxe5 Nxe5 15.f4 Nc6
16.f5 exf5 17.Qxd5 Be6 18.Qb5 Bd6 19.Qxb7 O-O  1/2-1/2

[Event "Hastings7677"]
[Site "Hastings"]
[Date "1976.??.??"]
[Round "3"]
[White "Adorjan, Andras"]
[Black "Romanishin, Oleg M"]
[Result "1/2-1/2"]
[WhiteElo "2510"]
[BlackElo "2585"]

1.e4 e6 2.d4 d5 3.Nd2 Be7 4.c3 dxe4 5.Nxe4 Nf6 6.Nxf6+ Bxf6 7.Nf3 b6 8.Bb5+ c6
9.Bd3 Ba6 10.O-O Bxd3 11.Qxd3 O-O 12.Bf4 Nd7 13.Rad1 Qe7 14.Rfe1 Rfd8 15.h3 Rac8
16.Qa6 Nf8 17.a4 Ng6 18.Bg3 Qd7 19.Nd2 h5 20.Nf3 h4 21.Be5 Be7 22.Bh2 Ra8
23.Ne5 Nxe5 24.Bxe5 c5 25.a5 Qc8  1/2-1/2

[Event "Montilla"]
[Site "Montilla"]
[Date "1976.??.??"]
[Round "6"]
[White "Stean, Michael"]
[Black "Diez del Corral, Jesus"]
[Result "1-0"]
[WhiteElo "2420"]
[BlackElo "2490"]

1.e4 e6 2.d4 d5 3.Nd2 Be7 4.Ngf3 Nf6 5.Bd3 b6 6.Qe2 Bb7 7.O-O O-O 8.Re1 Re8
9.e5 Nfd7 10.Nf1 c5 11.c3 Nc6 12.Ng3 Rc8 13.a3 cxd4 14.cxd4 Na5 15.Bf4 Nf8
16.Nh5 Ng6 17.g3 Bc6 18.h4 Ba4 19.Bg5 Bb3 20.Bxe7 Qxe7 21.Ng5 Bc4 22.Rad1 Rc7
23.Qg4 Rec8 24.Bxg6 fxg6 25.Nf4 Bb3 26.Qxe6+ Qxe6 27.Ngxe6 Rc2 28.Nd3 Nc6
29.Rc1 h6 30.Rxc2 Bxc2 31.Ndf4 Bf5 32.Rc1 Kh7 33.f3 g5 34.hxg5  1-0

[Event "Kringsja"]
[Site "Oslo"]
[Date "1976.??.??"]
[Round "4"]
[White "Bednarski, Jacek B"]
[Black "Raaste, Eero J"]
[Result "1-0"]
[WhiteElo "2425"]
[BlackElo "2250"]

1.e4 e6 2.d4 d5 3.Nd2 Nc6 4.Ngf3 Nge7 5.c3 b6 6.Bb5 a6 7.Ba4 Bb7 8.O-O dxe4
9.Nxe4 b5 10.Nc5 Bc8 11.Bc2 Nd5 12.Nd3 Bd6 13.Ng5 Nf6 14.f4 Bb7 15.Ne5 O-O
16.Qd3 g6 17.Qh3 Ne7 18.Ng4 Ned5 19.Nh6+ Kg7 20.Nhxf7 Qd7  1-0

[Event "CSR-ch"]
[Site "Ostrava"]
[Date "1976.??.??"]
[Round "3"]
[White "Jansa, Vlastimil"]
[Black "Augustin, Josef"]
[Result "1/2-1/2"]
[WhiteElo "2490"]
[BlackElo "2405"]

1.e4 e6 2.d4 d5 3.Nd2 a6 4.Ngf3 c5 5.exd5 exd5 6.Be2 c4 7.O-O Bd6 8.Re1 Ne7
9.Nf1 Nbc6 10.Bg5 f6 11.Bh4 Qb6 12.Rb1 Qa5 13.Ne3 O-O 14.a3  1/2-1/2

[Event "CSR-ch"]
[Site "Ostrava"]
[Date "1976.??.??"]
[Round "5"]
[White "Privara, Igor"]
[Black "Augustin, Josef"]
[Result "1/2-1/2"]
[WhiteElo "2200"]
[BlackElo "2405"]

1.e4 e6 2.d4 d5 3.Nd2 a6 4.Ngf3 c5 5.exd5 exd5 6.dxc5 Bxc5 7.Nb3 Bd6 8.Be2 Ne7
9.O-O Nbc6 10.Re1 h6 11.Nbd4 O-O 12.c3 Qb6 13.Qc2 Bd7 14.Be3  1/2-1/2

[Event "Pernik"]
[Site "Pernik"]
[Date "1976.??.??"]
[Round "6"]
[White "Radev, Nikolai"]
[Black "Asparuhov, Sasho"]
[Result "1/2-1/2"]
[WhiteElo "2370"]
[BlackElo "2200"]

1.e4 e6 2.d4 d5 3.Nd2 Nc6 4.Ngf3 Nf6 5.e5 Nd7 6.Bb5 f6 7.O-O fxe5 8.Bxc6 bxc6
9.dxe5 c5 10.c4 c6 11.Re1 Be7 12.a4 a5 13.b3 Nb8 14.Ba3 Na6 15.Rc1  1/2-1/2